000 01486cam a2200361 i 4500
999 _c3644
_d3644
001 (Sirsi) a1097745
003 OSt
005 20240320111627.0
008 180726t20152015nyua a 000 j eng d
020 _a9781419716744
_q(board book) :
040 _aYDXCP
_beng
_cYDXCP
_dBDX
_dOCLCQ
_dBTCTA
_dSVP
_dOCLCO
_dAO
_dOCLCO
_dT7L
_dEHH
_dDLC
_dTAE
_dKH8
_erda
042 _anbic
082 0 _a567.9 FRA
100 1 _aFranceschelli, Christopher,
_eauthor.
245 1 0 _aDinoblock /
_cby Christopher Franceschelli ; art by Peskimo ; illustrations by Harry N. Abrams.
246 3 _aDino block.
264 1 _aNew York :
_bAbrams Appleseed,
_c[2015]
264 4 _c©2015.
300 _a96 unnumbered pages :
_bcolor illustrations ;
_c17 cm.
336 _atext
_btxt
_2rdacontent.
336 _astill image
_bsti
_2rdacontent.
337 _aunmediated
_bn
_2rdamedia.
338 _avolume
_bnc
_2rdacarrier.
500 _aOn board pages.
500 _aCover title.
520 _aFeatures thick pages cut into the shapes of dinosaurs. Readers will be introduced to more than 20 different kinds of dinos via die-cuts of their unique silhouettes and the illuminating comparisons to familiar things from a young child's world.--
_cSource other than Library of Congress.
521 1 _aAges 2-5.
650 0 _aDinosaurs
_vJuvenile literature.
650 0 _aToy and movable books
_vSpecimens.
700 1 _aAbrams, Harry N.,
_eillustrator.
710 2 _aPeskimo (Firm),
_eartist.
942 _2ddc
_cNFIC